000 00790nam a2200253Ia 4500
003 OSt
005 20220926004536.0
006 a|||||r|||| 00| 0
007 ta
008 220923b |||||||| |||| 00| 0 eng d
020 _a9789351263012
_c1955
037 _b5607, 10/10/2015, RAJKIRAN BOOK AGENCY
_cGeneral Book
040 _aRTL
_cRTL
_beng
041 _2eng
_aeng
082 _aU5.198, Q3
100 _aRAMESH R
_9300382
245 0 _aScientific and geopolitical interests in arctic and antarctic
260 _a New Delhi
_bResearch Foundation
_c2013
300 _a288p
_ccm.
650 _aGeography
700 _a Other's
_9270572
942 _hU5.198, Q3
_cGB
_2CC
999 _c611553
_d611553